01448nam a2200349 a 4500001001000000003000500010005001700015008004100032010001100073011001100084040000900095090001000104100003700114245013200151260004100283500006000324502006900384590004000453590004000493590004000533650002800573650004300601650003200644650004400676856007000720901000700790942001000797942000600807999001900813952013100832952013500963000113600CHAP20220329144403.0170808s2017 mx a fsm |||||||spa d a110061 a111033 cCHAP aTesis1 aPérez Angeles, Araceli913304710aEvaluación financiera de dos sistemas de cosecha forestal altamente macanizados /h[En línea]cpor Araceli Pérez Angeles. aChapingo, Méx. :bEl autor,c2017. aPara ver el contenido del material haga clic en la liga aTesis (Ing. Forestal) -- UACH. División de Ciencias Forestales aE6096MTMb05c20170808lUCH01h1446 aE6096MTMb05c20170808lUCH01h1447 aE6096MTMb05c20170830lUCH01h094414aÁrbolesxCorte.9658214aBosquesxAspectos económicos.91405814aMaquinaria forestal.97121214aSistemas agrosilvopascícolas.9106737 aFinding aiduhttp://10.13.5.2/tesis/sist113600.pdfzTeclea aquí aBK cTESIS n0 c110061d110061 00104054718TESISaBCbBCd2017-08-30fTESISl0oTesisp113610-10r2019-12-31 00:00:00w2019-12-31yTESISzRecien adquirido 00102local4053708TESISaBCbBCcPA_TESISd2017-08-30fTESISl0oTesisp113610-20r2019-12-31 00:00:00tc.2w2019-12-31yTESIS